| 000 | 00514nam a2200157 a 4500 | ||
|---|---|---|---|
| 001 | 000030978 | ||
| 005 | 20200930062627.0 | ||
| 008 | 110608s1937 dr ac 000 | spa d | ||
| 040 |
_aDO-SdBNP _bspa _cBNPHU |
||
| 082 |
_axxx _bP912r |
||
| 100 | 1 |
_aPrats-Ramírez, Francisco _952032 |
|
| 245 | 1 | 3 |
_aLa República Dominicana en la conferencia de Buenos Aires / _cFrancisco Prats-Ramírez. |
| 260 |
_aCiudad Trujillo, República Dominicana : _bLa Opinión, _c1937. |
||
| 300 |
_a49 p. : _bil. ; _c18 cm. |
||
| 049 | _aBNPD | ||
| 999 |
_c30470 _d30470 |
||